000 00795cam a2200277 4500500
005 20260405003817.0
041 _afre
042 _adc
100 1 0 _aLacroix, Alexandre
_eauthor
245 0 0 _aL’origine du mal : Michaël Fœssel face à Susan Neiman
260 _c2023.
500 _a47
690 _aAction
690 _aBanalité du mal
690 _aBien
690 _aDéterminisme
690 _aEichmann
690 _aJean-Jacques Rousseau
690 _aLiberté
690 _aMal
690 _aMichaël Fœssel
690 _aMorale
690 _aSusan Neiman
786 0 _nPhilosophie magazine | 175 | 12 | 2023-12-01 | p. 38-39 | 1951-1787
856 4 1 _uhttps://shs.cairn.info/magazine-philosophie-magazine-2023-12-1-page-38?lang=fr&redirect-ssocas=7080
999 _c2071028
_d2071028